Géographie de l'Afrique du Sud. - Statistiques

Statistiques générales
  • Ce quiz a été pris 217 fois
  • Le résultat moyen est 8 sur 15
Statistiques - réponses
Questions Réponses % Correct
Législative? Le Cap
95%
Océan {Indien}
93%
Par quels océan l'Afrique du Sud est-elle bordée? Océan {Atlantique}
92%
Quelle est la ville la plus peuplée d'Afrique du Sud? Johannesbourg
91%
Avec quel pays l'Afrique du Sud a-t-elle sa plus grande frontière? Botswana
89%
Quelle est la capitale administrative de l'Afrique du Sud? Pretoria
89%
Judiciaire? Bloemfontein
69%
De combien de province est composée l'Afrique du Sud? 9
57%
Quel grand désert se situe au nord-ouest de l'Afrique du Sud? Désert de {Kalahari}
49%
Quels sont les deux plus grands fleuves d'Afrique du Sud? Orange
49%
Limpopo
19%
Quelle est la plus grande province sud-africaine? Cap-Nord
17%
Dans quel massif se trouve-t-il? Drakensberg
17%
Quel est le plus haut sommet de l'Afrique du Sud? Mafadi
5%
Quel est le plus grand lac sudafricain? Lac {Chrissie}
1%
Aucun quiz correspondant
Distribution des résultats
% des personnes avec chaque résultat
Percentile par nombre de réponses
Votre historique - résultats
Vous n’avez pas pris ce quiz